[Event "89th ch-FRA 2014"]
[Site "Nimes FRA"]
[Date "2014.08.26"]
[Round "9.4"]
[White "Bauer, Christian"]
[Black "Roser, Kevin"]
[Result "1/2-1/2"]
[WhiteTitle "GM"]
[BlackTitle "IM"]
[WhiteElo "2658"]
[BlackElo "2400"]
[WhiteFideId "603767"]
[BlackFideId "608688"]
[EventDate "2014.08.17"]

1. g3 e5 2. Bg2 Nf6 3. e4 d5 4. exd5 Nxd5 5. Nf3 Nc6 6. O-O Bd6 7. d4 exd4 8.
Nxd4 Nxd4 9. Qxd4 Nf6 10. Re1+ Be7 11. Qe5 c6 12. Bh6 Be6 13. Bxg7 Rg8 14. Bxf6
Bxf6 15. Qh5 Bxb2 16. Rxe6+ Kf8 17. Qc5+ Kg7 18. Nc3 Bxa1 19. Rd6 Qe8 20. Be4 h6
21. Kg2 Rf8 22. Bd3 Bxc3 23. Qxc3+ f6 24. Qb4 h5 25. Qxb7+ Rf7 26. Qxc6 Qxc6+
27. Rxc6 Rb8 28. h4 Rb2 29. a4 Ra2 30. Ra6 Re7 31. Ra5 Kh6 32. Rf5 Kg7 33. Ra5
Kh6 34. Kf3 Ra1 35. Kf4 Ra2 36. f3 Ra1 37. Be4 Rg1 38. Ra6 Kg7 39. Ra5 Kh6 40.
Rf5 Re6 41. Rd5 Re7 42. Rd6 Kg7 43. a5 Ra1 44. Rd5 Kh6 45. Rc5 Ra3 46. c4 Ra4
47. Rc6 Kg7 48. a6 Ra3 49. Rd6 Ra5 50. Bd5 Ra4 51. g4 hxg4 52. Kxg4 Ra1 53. f4
Rg1+ 54. Kf5 Rf1 55. Re6 Rd7 56. h5 Rf2 57. Rc6 Re7 58. h6+ Kxh6 59. Kxf6 Re1
60. f5 Ra1 61. Kf7+ Kg5 62. Rg6+ Kf4 63. f6 Ke5 64. Rg5+ Kd6 65. Kg7 Rxa6 66. f7
Ra1 67. f8=Q+ Rxf8 68. Kxf8 a5 69. Bf7 a4 70. Ra5 a3 71. c5+ Kc6 72. Ke7 a2 73.
Bxa2 Rc1 74. Ke6 Re1+ 75. Kf5 Rc1 76. Ke4 Rxc5 77. Bd5+ Kb6 78. Ra8 Rc7 79. Rb8+
Kc5 80. Ke5 Re7+ 81. Be6 Rh7 82. Rc8+ Kb4 83. Rc4+ Kb5 84. Rc2 Kb4 85. Bd5 Rh4
86. Be4 Kb5 87. Kd4 Kb6 88. Rc6+ Kb5 89. Rc7 Kb4 90. Rb7+ Ka4 91. Rb1 Rg4 92.
Kd5 Ka3 93. Bd3 Rb4 94. Rg1 Kb2 95. Bc4 Rb8 96. Kd4 Rd8+ 97. Bd5 Kc2 98. Rg2+
Kd1 99. Ke4 Kc1 100. Bc4 Rd2 101. Be2 Kb2 102. Ke3 Kc3 103. Rg6 Rd8 104. Rc6+
Kb4 105. Bd3 Re8+ 106. Kd2 Rh8 107. Rb6+ Kc5 108. Rb5+ 1/2-1/2

[Event "89th ch-FRA 2014"]
[Site "Nimes FRA"]
[Date "2014.08.26"]
[Round "9.5"]
[White "Dorfman, Iossif"]
[Black "Gharamian, Tigran"]
[Result "1/2-1/2"]
[WhiteTitle "GM"]
[BlackTitle "GM"]
[WhiteElo "2571"]
[BlackElo "2657"]
[WhiteFideId "604011"]
[BlackFideId "13301527"]
[EventDate "2014.08.17"]

1. d4 Nf6 2. c4 e6 3. Nc3 Bb4 4. Qc2 O-O 5. a3 Bxc3+ 6. Qxc3 d5 7. Nf3 dxc4 8.
Qxc4 b6 9. Bg5 Ba6 10. Qa4 Qd7 11. Qxd7 Nbxd7 12. Bxf6 Nxf6 13. e3 Bxf1 14. Rxf1
Rfc8 15. Ke2 c5 16. dxc5 Rxc5 17. Rac1 Rac8 18. Rxc5 Rxc5 19. Rd1 Rc2+ 20. Rd2
Rc8 21. Rd4 Kf8 22. h3 Rc2+ 23. Rd2 Rc8 24. Rd4 Rc2+ 25. Rd2 Rc8 26. Rd4 Rc2+
27. Rd2 1/2-1/2

[Event "89th ch-FRA 2014"]
[Site "Nimes FRA"]
[Date "2014.08.26"]
[Round "9.6"]
[White "Maze, Sebastien"]
[Black "Edouard, Romain"]
[Result "0-1"]
[WhiteTitle "GM"]
[BlackTitle "GM"]
[WhiteElo "2565"]
[BlackElo "2680"]
[WhiteFideId "613762"]
[BlackFideId "633429"]
[EventDate "2014.08.17"]

1. e4 c5 2. Nf3 e6 3. d4 cxd4 4. Nxd4 Nc6 5. Nc3 a6 6. Nxc6 bxc6 7. Bd3 d5 8.
O-O Nf6 9. Qe2 Be7 10. b3 O-O 11. Bb2 Bb7 12. Na4 c5 13. exd5 Qxd5 14. f4 Qc6
15. c4 Rad8 16. Rf3 Rd7 17. Rh3 Rfd8 18. Rd1 g6 19. Qf1 Nh5 20. Rd2 f6 21. Nc3
Qc7 22. Rf2 f5 23. Be2 Nf6 24. Bf3 Bxf3 25. Rhxf3 Ne4 26. Nxe4 Rd1 27. Nf6+ Kf7
28. Nxh7 Rxf1+ 29. Rxf1 Rd2 30. R3f2 Qd8 31. g3 Rxf2 32. Rxf2 Kg8 33. Ng5 Bxg5
34. fxg5 Qxg5 35. Re2 Kf7 36. Be5 Qc1+ 37. Kf2 g5 38. Re1 Qc2+ 39. Re2 Qb1 40.
h4 gxh4 41. gxh4 Qh1 42. Bg3 Qh3 0-1

[Event "89th ch-FRA 2014"]
[Site "Nimes FRA"]
[Date "2014.08.27"]
[Round "10.1"]
[White "Chabanon, Jean-Luc"]
[Black "Fressinet, Laurent"]
[Result "0-1"]
[WhiteTitle "GM"]
[BlackTitle "GM"]
[WhiteElo "2485"]
[BlackElo "2708"]
[WhiteFideId "600075"]
[BlackFideId "608742"]
[EventDate "2014.08.17"]

1. d4 Nf6 2. c4 e6 3. Nf3 Bb4+ 4. Bd2 a5 5. Nc3 b6 6. e3 Bb7 7. Bd3 d6 8. Qc2
Nbd7 9. a3 Bxc3 10. Bxc3 Qe7 11. Nd2 e5 12. O-O a4 13. f3 O-O 14. Rae1 Rfe8 15.
Qd1 d5 16. Bc2 dxc4 17. Nxc4 e4 18. fxe4 Nxe4 19. Nd2 Qg5 20. Nxe4 Bxe4 21. Bxe4
Rxe4 22. Qf3 Qg6 23. d5 Rae8 24. Bd4 Ne5 25. Qd1 b5 26. b3 Qd6 27. bxa4 bxa4 28.
Qxa4 Ng4 29. g3 Qxd5 30. Qc2 h6 31. Re2 Qh5 32. Rg2 R8e7 33. Qd1 c5 34. Bb2 Rxe3
35. Bc1 R3e4 36. Bf4 c4 37. Qd8+ Kh7 38. Qc8 Re2 39. Rxe2 Rxe2 40. h3 Qd5 0-1

[Event "89th ch-FRA 2014"]
[Site "Nimes FRA"]
[Date "2014.08.27"]
[Round "10.2"]
[White "Bacrot, Etienne"]
[Black "Roser, Kevin"]
[Result "1-0"]
[WhiteTitle "GM"]
[BlackTitle "IM"]
[WhiteElo "2720"]
[BlackElo "2400"]
[WhiteFideId "605506"]
[BlackFideId "608688"]
[EventDate "2014.08.17"]

1. d4 Nf6 2. Nf3 e6 3. c4 b6 4. g3 Ba6 5. Qb3 Nc6 6. Nbd2 Na5 7. Qa4 c5 8. e4
Bb7 9. d5 exd5 10. cxd5 a6 11. Bg2 b5 12. Qc2 d6 13. O-O Be7 14. b3 O-O 15. Bb2
Nd7 16. Rad1 Bf6 17. Bxf6 Qxf6 18. b4 Nc4 19. Nxc4 bxc4 20. bxc5 Nxc5 21. Qxc4
a5 22. e5 Qe7 23. Rfe1 Rad8 24. Qc3 a4 25. exd6 Qxd6 26. Nd4 g6 27. Rc1 Rc8 28.
Nc6 Bxc6 29. dxc6 Ne6 30. Red1 Qc7 31. Rd7 Qxd7 32. cxd7 Rxc3 33. Rxc3 Rd8 34.
Bc6 Nd4 35. Bb5 Kf8 36. Rc8 Ke7 37. Bxa4 1-0

[Event "89th ch-FRA 2014"]
[Site "Nimes FRA"]
[Date "2014.08.27"]
[Round "10.3"]
[White "Gharamian, Tigran"]
[Black "Bauer, Christian"]
[Result "1/2-1/2"]
[WhiteTitle "GM"]
[BlackTitle "GM"]
[WhiteElo "2657"]
[BlackElo "2658"]
[WhiteFideId "13301527"]
[BlackFideId "603767"]
[EventDate "2014.08.17"]

1. e4 Nc6 2. Nf3 d6 3. d4 Nf6 4. Nc3 g6 5. d5 Nb8 6. h3 Bg7 7. Bc4 O-O 8. O-O e5
9. dxe6 Bxe6 10. Bb3 Nc6 11. Re1 Re8 12. Bf4 h6 13. Qd2 Kh7 14. Rad1 a6 15. Qc1
Nd7 16. Be3 Rc8 17. Nd5 Na5 18. Nc3 Nc6 19. Nd5 Na5 20. Nc3 Nc6 21. Nd5 1/2-1/2

[Event "89th ch-FRA 2014"]
[Site "Nimes FRA"]
[Date "2014.08.27"]
[Round "10.4"]
[White "Degraeve, Jean-Marc"]
[Black "Maze, Sebastien"]
[Result "0-1"]
[WhiteTitle "GM"]
[BlackTitle "GM"]
[WhiteElo "2566"]
[BlackElo "2565"]
[WhiteFideId "600270"]
[BlackFideId "613762"]
[EventDate "2014.08.17"]

1. e4 Nc6 2. Nf3 d5 3. exd5 Qxd5 4. Nc3 Qa5 5. g3 Bg4 6. h3 Bh5 7. Bg2 O-O-O 8.
O-O e5 9. d3 f5 10. Bd2 Nf6 11. Qe1 Bxf3 12. Bxf3 Nd4 13. Bd1 Bb4 14. a3 Rhe8
15. Rb1 Bxc3 16. bxc3 Nc6 17. Rb3 Qd5 18. Bg5 Rd6 19. Qe3 e4 20. Bxf6 Rxf6 21.
Be2 Qf7 22. d4 b6 23. c4 g5 24. Qxg5 Nxd4 25. Bh5 Rg8 26. Qe3 Qxh5 27. Qxd4 Rd6
28. Qe5 Qxh3 29. Rb5 Rg5 0-1

[Event "89th ch-FRA 2014"]
[Site "Nimes FRA"]
[Date "2014.08.27"]
[Round "10.5"]
[White "Edouard, Romain"]
[Black "Sokolov, Andrei1"]
[Result "1-0"]
[WhiteTitle "GM"]
[BlackTitle "GM"]
[WhiteElo "2680"]
[BlackElo "2556"]
[WhiteFideId "633429"]
[BlackFideId "627089"]
[EventDate "2014.08.17"]

1. e4 c5 2. Nf3 e6 3. d4 cxd4 4. Nxd4 Nc6 5. Nc3 Qc7 6. Be3 a6 7. Qf3 Bb4 8.
Nxc6 bxc6 9. Bd4 Nf6 10. O-O-O Bd6 11. Na4 Rb8 12. Bb6 Bf4+ 13. Kb1 Qe5 14. Bd3
O-O 15. g3 Bh6 16. Qe2 d5 17. f4 Qh5 18. Qxh5 Nxh5 19. Bc7 Rb7 20. Bd6 Rd8 21.
e5 g5 22. fxg5 Bxg5 23. Bxa6 Ra7 24. Bxc8 Rxc8 25. Nb6 Re8 26. c4 Ng7 27. g4 f6
28. c5 fxe5 29. Bxe5 Rf8 30. Rhf1 Rxf1 31. Rxf1 Ne8 32. Rf3 Bd8 33. a4 Ra6 34.
Bd4 Nc7 35. b3 e5 36. Bxe5 Ne6 37. Nd7 Be7 38. Bd6 Bxd6 39. cxd6 Ra8 40. Rf6 1-0

[Event "89th ch-FRA 2014"]
[Site "Nimes FRA"]
[Date "2014.08.27"]
[Round "10.6"]
[White "Cornette, Matthieu"]
[Black "Dorfman, Iossif"]
[Result "1/2-1/2"]
[WhiteTitle "GM"]
[BlackTitle "GM"]
[WhiteElo "2533"]
[BlackElo "2571"]
[WhiteFideId "620084"]
[BlackFideId "604011"]
[EventDate "2014.08.17"]

1. e4 c5 2. Nf3 d6 3. Bb5+ Nd7 4. d4 cxd4 5. Qxd4 a6 6. Bxd7+ Bxd7 7. c4 e5 8.
Qd3 b5 9. Nc3 bxc4 10. Qxc4 Be6 11. Qd3 h6 12. O-O Nf6 13. Rd1 Be7 14. Ne1 O-O
15. Nc2 Qb6 16. Ne3 Rac8 17. Rb1 Rfd8 18. Bd2 Qb7 19. Be1 Rd7 20. f3 Bd8 21.
Ncd5 Bxd5 22. Nxd5 Nxd5 23. Qxd5 Bb6+ 24. Kf1 Bd4 25. Qxb7 Rxb7 26. Rd2 Kf8 27.
Bf2 Bxf2 28. Kxf2 Ke7 29. Ke2 Rc5 30. Rbd1 Rb6 31. b3 Ke6 32. Rd5 Rc2+ 33. R1d2
Rc1 34. Rd1 Rc2+ 35. R1d2 Rc1 36. Rd1 Rc2+ 37. R1d2 Rc1 1/2-1/2

[Event "89th ch-FRA 2014"]
[Site "Nimes FRA"]
[Date "2014.08.28"]
[Round "11.1"]
[White "Fressinet, Laurent"]
[Black "Bacrot, Etienne"]
[Result "1/2-1/2"]
[WhiteTitle "GM"]
[BlackTitle "GM"]
[WhiteElo "2708"]
[BlackElo "2720"]
[WhiteFideId "608742"]
[BlackFideId "605506"]
[EventDate "2014.08.17"]

1. e4 e5 2. Nf3 Nc6 3. Bb5 Nf6 4. O-O Nxe4 5. Re1 Nd6 6. Nxe5 Be7 7. Bf1 Nxe5 8.
Rxe5 O-O 9. Nc3 Ne8 10. Nd5 Bd6 11. Re1 c6 12. Ne3 Bc7 13. Nf5 d5 14. Ne7+ Kh8
15. Nxc8 Rxc8 16. d3 Nf6 17. Qf3 Qd7 18. g3 Rce8 19. Bd2 Ng4 20. d4 f5 21. Bd3
g6 22. Rxe8 Rxe8 23. Re1 Rxe1+ 24. Bxe1 Qe6 25. Qe2 Qxe2 26. Bxe2 Kg7 27. Bd2
Nf6 28. f3 h5 29. Kg2 Kf7 30. Bg5 Nh7 31. Be3 Nf8 32. c3 Ne6 33. f4 h4 34. Kf3
hxg3 35. hxg3 Kf6 36. Bd3 g5 37. fxg5+ Nxg5+ 38. Bxg5+ Kxg5 39. Bf1 1/2-1/2

[Event "89th ch-FRA 2014"]
[Site "Nimes FRA"]
[Date "2014.08.28"]
[Round "11.2"]
[White "Dorfman, Iossif"]
[Black "Edouard, Romain"]
[Result "1/2-1/2"]
[WhiteTitle "GM"]
[BlackTitle "GM"]
[WhiteElo "2571"]
[BlackElo "2680"]
[WhiteFideId "604011"]
[BlackFideId "633429"]
[EventDate "2014.08.17"]

1. c4 e6 2. Nc3 c5 3. Nf3 Nf6 4. g3 b6 5. Bg2 Bb7 6. O-O Be7 7. d4 cxd4 8. Qxd4
d6 9. Bg5 a6 10. Bxf6 Bxf6 11. Qf4 O-O 12. Rfd1 Be7 13. Ne4 Bxe4 14. Qxe4 Ra7
15. Nd4 Qc8 16. b3 Qc5 17. a4 Rc7 18. e3 Rfc8 19. Qb1 Qb4 20. Qa2 Qa5 21. Qb1
Qb4 22. Qa2 Qa5 23. Qb1 1/2-1/2

[Event "89th ch-FRA 2014"]
[Site "Nimes FRA"]
[Date "2014.08.28"]
[Round "11.3"]
[White "Sokolov, Andrei1"]
[Black "Degraeve, Jean-Marc"]
[Result "0-1"]
[WhiteTitle "GM"]
[BlackTitle "GM"]
[WhiteElo "2556"]
[BlackElo "2566"]
[WhiteFideId "627089"]
[BlackFideId "600270"]
[EventDate "2014.08.17"]

1. e4 e5 2. Nf3 Nc6 3. Bb5 Bc5 4. O-O Nd4 5. Nxd4 Bxd4 6. c3 Bb6 7. d4 c6 8. Ba4
d6 9. dxe5 dxe5 10. Qxd8+ Bxd8 11. Be3 Nf6 12. Nd2 Ng4 13. Bc5 Be7 14. Bxe7 Kxe7
15. Rfd1 Be6 16. Bb3 Rhd8 17. Bxe6 Kxe6 18. Nf1 Nf6 19. Rxd8 Rxd8 20. f3 g6 21.
Kf2 Nh5 22. g3 f5 23. exf5+ gxf5 24. Ke2 Nf6 25. Rd1 Rg8 26. c4 h5 27. Kf2 h4
28. gxh4 Rh8 29. b3 a5 30. Ne3 Rxh4 31. Rd6+ Kxd6 32. Nxf5+ Kc5 33. Nxh4 Kb4 34.
Nf5 Ka3 35. Nd6 b6 36. c5 b5 37. Nxb5+ Kxa2 38. Na7 Kxb3 39. Nxc6 a4 40. Nxe5
Kc3 41. Ng4 a3 42. Nxf6 a2 43. Nd5+ Kd2 44. c6 a1=Q 45. c7 Qh8 46. f4 Qc8 0-1

[Event "89th ch-FRA 2014"]
[Site "Nimes FRA"]
[Date "2014.08.28"]
[Round "11.4"]
[White "Maze, Sebastien"]
[Black "Chabanon, Jean-Luc"]
[Result "1-0"]
[WhiteTitle "GM"]
[BlackTitle "GM"]
[WhiteElo "2565"]
[BlackElo "2485"]
[WhiteFideId "613762"]
[BlackFideId "600075"]
[EventDate "2014.08.17"]

1. e4 c5 2. Nf3 d6 3. c3 Nf6 4. h3 Bd7 5. Bd3 Nc6 6. Bc2 Rc8 7. O-O e6 8. Re1
Be7 9. d3 O-O 10. Nbd2 Qc7 11. Nf1 b5 12. g4 b4 13. c4 Be8 14. Ng3 Nd7 15. Ba4
Nde5 16. Bxc6 Nxf3+ 17. Qxf3 Bxc6 18. b3 Bf6 19. Rb1 Bc3 20. Re2 g6 21. Bh6 Rfe8
22. Rc1 Be5 23. Qg2 a5 24. Be3 a4 25. f4 Bg7 26. h4 axb3 27. axb3 Ra8 28. h5 Ra3
29. Rb1 Rea8 30. Qh3 Ra1 31. Rxa1 Rxa1+ 32. Nf1 Bd4 33. Bxd4 cxd4 34. f5 g5 35.
h6 f6 36. Qh2 e5 37. Ra2 Rxa2 38. Qxa2 Qb6 39. Nd2 Kf7 40. Nf3 Ke7 41. Kf2 Bxe4
42. dxe4 d3+ 43. Kg3 Qe3 44. c5 dxc5 45. Qa7+ Kd8 46. Qb6+ Kc8 47. Qe6+ Kb7 48.
Qf7+ Ka8 49. Qg8+ Kb7 50. Qxh7+ Kb6 51. Qe7 1-0

[Event "89th ch-FRA 2014"]
[Site "Nimes FRA"]
[Date "2014.08.28"]
[Round "11.5"]
[White "Bauer, Christian"]
[Black "Cornette, Matthieu"]
[Result "1-0"]
[WhiteTitle "GM"]
[BlackTitle "GM"]
[WhiteElo "2658"]
[BlackElo "2533"]
[WhiteFideId "603767"]
[BlackFideId "620084"]
[EventDate "2014.08.17"]

1. b3 e5 2. Bb2 Nc6 3. e3 Nf6 4. c4 d5 5. cxd5 Nxd5 6. a3 Bd6 7. Qc2 O-O 8. Nf3
Qe7 9. d3 f5 10. Nbd2 Bd7 11. Be2 b5 12. O-O Rae8 13. g3 e4 14. dxe4 fxe4 15.
Nh4 Nd8 16. Rad1 Nf7 17. Qxe4 Qg5 18. Ndf3 Rxe4 19. Nxg5 Nxg5 20. Rxd5 Nh3+ 21.
Kg2 Bc6 22. Rxd6 cxd6 23. Kxh3 g5 24. g4 gxh4 25. Kxh4 Re6 26. Kg3 Bd5 27. Rc1
Ree8 28. b4 a6 29. Rd1 Bb3 30. Rxd6 Rd8 31. Rxd8 Rxd8 32. Bd4 Rc8 33. Bf3 Rc1
34. Bb7 Kf7 35. Bxa6 1-0

[Event "89th ch-FRA 2014"]
[Site "Nimes FRA"]
[Date "2014.08.28"]
[Round "11.6"]
[White "Roser, Kevin"]
[Black "Gharamian, Tigran"]
[Result "1/2-1/2"]
[WhiteTitle "IM"]
[BlackTitle "GM"]
[WhiteElo "2400"]
[BlackElo "2657"]
[WhiteFideId "608688"]
[BlackFideId "13301527"]
[EventDate "2014.08.17"]

1. e4 e5 2. Nf3 Nc6 3. Bb5 g6 4. d4 exd4 5. Bg5 Be7 6. Bxe7 Qxe7 7. Bxc6 dxc6 8.
Qxd4 Nf6 9. Nc3 Bg4 10. Nd2 c5 11. Qe3 O-O-O 12. h3 Bd7 13. O-O-O Bc6 14. f3 b6
15. Rhe1 Qe6 16. g4 h5 17. g5 Ne8 18. h4 Nd6 19. Qf4 Nb5 20. Nxb5 Bxb5 21. b3 c4
22. Nb1 cxb3 23. axb3 Bc6 24. Nc3 Rhe8 25. Kb2 a5 26. Rxd8+ Rxd8 27. Rd1 Rxd1
28. Nxd1 a4 29. bxa4 Bxa4 30. Nc3 Bc6 31. Ne2 Qc4 32. Qd2 Qb5+ 33. Kc1 Be8 34.
Qe3 Kb7 35. Nc3 Qf1+ 36. Kb2 Bc6 37. Qf4 Qc4 38. Qe5 Qf1 39. Qf4 Qc4 40. Qe5 Ka6
41. f4 Kb7 42. Nd5 Bd7 43. f5 Qb5+ 44. Kc1 Qf1+ 45. Kb2 Qb5+ 46. Kc1 Qc5 47.
fxg6 fxg6 48. Qf6 Bc6 49. Qg7 Qd6 50. Qf6 Qc5 51. Qg7 Qd6 52. Qf6 Bxd5 53. exd5
Qxd5 54. Qxg6 Qh1+ 55. Kb2 Qxh4 56. Qf5 Qb4+ 57. Kc1 Qe1+ 58. Kb2 Qb4+ 59. Kc1
Qe1+ 60. Kb2 h4 61. g6 Qb4+ 62. Kc1 Qe1+ 63. Kb2 Qb4+ 64. Kc1 Qe1+ 65. Kb2 Qb4+ 1/2-1/2